LEADER 02366nas 2200625-a 450 001 996203956703316 005 20230222213018.0 011 $a2374-9423 035 $a(DE-599)ZDB2027789-1 035 $a(OCoLC)56545984 035 $a(CKB)954925610923 035 $a(CONSER)--2009250585 035 $a(EXLCZ)99954925610923 100 $a20040921b19972000 --- a 101 0 $aeng 135 $aur||||||||||| 181 $ctxt$2rdacontent 182 $cc$2rdamedia 183 $acr$2rdacarrier 200 10$aIEEE intelligent systems & their applications 210 $aLos Alamitos, CA $cIEEE Computer Society, Publications Office$d©1997-©2000 300 $aRefereed/Peer-reviewed 311 $a1094-7167 517 3 $aIntelligent systems & their applications 517 1 $aIntelligent systems & their applications, IEEE 517 3 $aInstitute of Electrical and Electronic Engineers intelligent systems & their applications 517 3 $aIEEE intelligent systems and their applications 517 3 $aIntelligent systems and their applications 517 1 $aIEEE expert 517 1 $aIEEE intelligent systems 531 $aIEEE INTELLIGENT SYSTEMS AND THEIR APPLICATIONS 531 $aINTELLIGENT SYSTEMS AND THEIR APPLICATIONS, IEEE 531 $aIEEE INTELLIGENT SYSTEMS & THEIR APPLICATIONS 606 $aExpert systems (Computer science)$vPeriodicals 606 $aArtificial intelligence$vPeriodicals 606 $aSystèmes experts (Informatique)$vPériodiques 606 $aIntelligence artificielle$vPériodiques 606 $aArtificial intelligence$2fast$3(OCoLC)fst00817247 606 $aExpert systems (Computer science)$2fast$3(OCoLC)fst00918516 606 $aExpertsystemen$2gtt 608 $aPeriodicals.$2fast 615 0$aExpert systems (Computer science) 615 0$aArtificial intelligence 615 6$aSystèmes experts (Informatique) 615 6$aIntelligence artificielle 615 7$aArtificial intelligence. 615 7$aExpert systems (Computer science) 615 17$aExpertsystemen. 676 $a006.3/3/05 712 02$aInstitute of Electrical and Electronics Engineers. 712 02$aIEEE Computer Society.$bPublications Office. 906 $aJOURNAL 912 $a996203956703316 996 $aIEEE intelligent systems & their applications$92426806 997 $aUNISA LEADER 01064nam a2200277 i 4500 001 991001661699707536 008 060606m19972005it l 001 0 ita d 020 $a8814108684 (vol. 2.) 035 $ab13407405-39ule_inst 040 $aSet. Economia - SAGA$bita 082 04$a346.4507 100 1 $aGhia, Lucio$0240039 245 12$aI contratti di finanziamento dell'impresa /$cLucio Ghia 260 $aMilano :$bGiuffrè ;$aRoma :$bLuiss University press,$c1997-2005 300 $a2 v. ;$c24 cm 440 0$aCollana di studi economico aziendali;$v27 500 1$aNominalmente 2. volume, in realtà nuova edizione dell'opera del 1997 650 04$aImprese$xFinanziamenti 650 04$aLeasing 650 04$aFactoring 907 $a.b13407405$b02-04-14$c06-06-06 912 $a991001661699707536 945 $aLE025 ECO 346 GHI01.01$cV. 2$g1$i2025000200869$lle025$o-$pE38.00$q-$rl$s- $t0$u8$v5$w8$x0$y.i14246387$z06-06-06 996 $aContratti di finanziamento dell'impresa$9660591 997 $aUNISALENTO 998 $ale025$b06-06-06$cm$da $e-$fita$git $h2$i0